Engineering Mechanics Dynamics Vol 2 (Record no. 545018)
[ view plain ]
| 000 -LEADER | |
|---|---|
| fixed length control field | 00324nam a22001217a 4500 |
| 082 ## - DEWEY DECIMAL CLASSIFICATION NUMBER | |
| Classification number | 620.104 |
| Author Mark | JAN |
| -- | L-38, P-163 |
| 100 ## - MAIN ENTRY--PERSONAL NAME | |
| Personal name | jANSSON, pER-aKE |
| 9 (RLIN) | 40652 |
| 245 ## - TITLE STATEMENT | |
| Title | Engineering Mechanics Dynamics Vol 2 |
| 300 ## - PHYSICAL DESCRIPTION | |
| Extent | 522 p. : |
| Other physical details | ills. ; |
| 526 ## - STUDY PROGRAM INFORMATION NOTE | |
| Program name | 0 |
| Interest level | 0 |
| Reading level | 0 |
| Title point value | 620_104000000000000_JAN |
| 650 ## - SUBJECT ADDED ENTRY--TOPICAL TERM | |
| Topical term or geographic name entry element | MCE |
| 9 (RLIN) | 379 |
| 942 ## - ADDED ENTRY ELEMENTS (KOHA) | |
| Source of classification or shelving scheme | |
| Koha item type | Book |
| Withdrawn status | Lost status | Source of classification or shelving scheme | Damaged status | Not for loan | Permanent Location | Current Location | Date acquired | Total Checkouts | Full call number | Barcode | Date last seen | Price effective from | Koha item type |
|---|---|---|---|---|---|---|---|---|---|---|---|---|---|
| Military College of Engineering (MCE) | Military College of Engineering (MCE) | 05/15/2014 | 620.104 JAN | MCE-40424 | 05/15/2014 | 05/15/2014 | Book |
